| 000 | 00510nam a2200181Ia 4500 | ||
|---|---|---|---|
| 001 | 5203 | ||
| 005 | 20260306145851.0 | ||
| 008 | 260306t2006||||xx |||||||||||||| ||spa|| | ||
| 041 | _aESP | ||
| 082 |
_a338.1 _bM42 ej. 1 |
||
| 100 |
_aMendieta N., Claudia _eAUT |
||
| 245 | 0 | _aPropuestas para una economía rural competitiva e incluyente, en el marco de un desarrollo territorial texto impreso | |
| 260 | _c2006 | ||
| 300 |
_a71 páginas : _c |
||
| 650 | _aGEN | ||
| 654 | _aCAN | ||
| 942 |
_cLIB _dJUS _fJUS _2ddc _n |
||
| 999 |
_c5203 _d5203 |
||